| 000 | 00778nam a2200193 i 4500 | ||
|---|---|---|---|
| 001 | 140115 | ||
| 003 | ES-MaACL | ||
| 005 | 20250806014156.0 | ||
| 007 | t| | ||
| 008 | 070214m19791981sp |||| | spa d | ||
| 245 | 0 | 0 |
_aMedicina interna / _cdirigida por Amador Schüller Pérez. |
| 260 |
_aMadrid : _bPaz Montalvo, _c1979-1981. |
||
| 300 |
_a3 v. : _bil. ; _c28 cm. |
||
| 505 | 8 |
_aContiene: I ; _tGenética. Inmunología. Oncología. Circulatorio. Respiratorio. Hematología - II ; _tDigestivo. Riñón. Intoxicaciones. Infecciones - III ; _tNervioso. Endocrinología. Nutrición. Metabolismo. Locomotor. Colagenosis |
|
| 650 | 0 | 7 |
_aMedicina interna _2embne _914925 |
| 700 | 1 |
_aSchüller Pérez, Amador. _9104762 |
|
| 852 |
_aES-MaACL _jL-3259-61 |
||
| 999 |
_c140115 _d140115 |
||